00354nam a22001337a 4500003000400000008004100004082001600045100002900061245003500090250000900125260005000134300000900184650002700193OSt200715b ||||| |||| 00| 0 eng d a615.103 ALA a Ali , Mohammad & Husain aAdvance Dictionary of Pharmacy a2014 aNew DelhibBirla Publications Pvt. Ltd.c2014 a1028 aPharmacy General Books